|
|
|
|
| LEADER |
01076nam a2200253 a 4500 |
| 001 |
3121733 |
| 008 |
090712s1968 nju b 000 0 eng d |
| 010 |
|
|
|a 68023696
|
| 040 |
|
|
|a DLC
|c DLC
|d DLC
|
| 082 |
0 |
0 |
|a 823.5
|2 17
|
| 245 |
1 |
0 |
|a Twentieth century interpretations of Tom Jones;
|b a collection of critical essays,
|c edited by Martin C. Battestin.
|
| 260 |
|
|
|a Englewood Cliffs, N.J., :
|b Prentice-Hall
|c 1968
|
| 300 |
|
|
|a vii, 118 p.
|c 21 cm.
|
| 490 |
0 |
|
|a Twentieth century interpretations
|
| 490 |
0 |
|
|a A Spectrum book.
|
| 504 |
|
|
|a Includes bibliographical (p.117-118) references.
|
| 541 |
1 |
|
|e 00010097
|
| 600 |
1 |
0 |
|a Fielding, Henry,
|d 1707-1754.
|t History of Tom Jones.
|
| 650 |
|
0 |
|a Identity (Psychology) in literature.
|
| 650 |
|
0 |
|a Foundlings in literature.
|
| 700 |
1 |
|
|a Battestin, Martin C.,
|e comp.
|
| 852 |
4 |
|
|a Ayesha Abed Library
|j General shelf
|
| 999 |
|
|
|c 2276
|d 2276
|
| 952 |
|
|
|0 0
|1 0
|2 ddc
|4 1
|6 823_500000000000000_TWE
|7 0
|9 2100
|a BRACUL
|b BRACUL
|c SPS
|d 2009-07-12
|g 0.00
|l 0
|o 823.5 TWE
|p 3010010097
|r 2009-07-12
|t 1
|w 2009-07-12
|y BK
|x No price found in the accession register.
|